000339682 001__ 339682
000339682 005__ 20230608005239.0
000339682 0247_ $$2doi$$a10.1117/12.2650475
000339682 037__ $$aGSI-2023-00668
000339682 041__ $$aEnglish
000339682 1001_ $$0P:(DE-HGF)0$$aLenski, Mathias$$b0$$eCorresponding author
000339682 1112_ $$aFiber Lasers XX: Technology and Systems$$cSan Francisco$$d2023-01-28 - 2023-02-03$$gSPIE LASE 2023$$wUnited States
000339682 245__ $$aHighly efficient, in-band pumped thulium-doped fibers for high-power ultrafast 2 $\mu$m wavelength laser systems
000339682 260__ $$bSPIE$$c2023
000339682 29510 $$aFiber Lasers XX: Technology and Systems : [Proceedings] - SPIE LASE 2023. - ISBN 9781510659056 / 9781510659063
000339682 3367_ $$2ORCID$$aCONFERENCE_PAPER
000339682 3367_ $$033$$2EndNote$$aConference Paper
000339682 3367_ $$2BibTeX$$aINPROCEEDINGS
000339682 3367_ $$2DRIVER$$aconferenceObject
000339682 3367_ $$2DataCite$$aOutput Types/Conference Paper
000339682 3367_ $$0PUB:(DE-HGF)8$$2PUB:(DE-HGF)$$aContribution to a conference proceedings$$bcontrib$$mcontrib$$s1686123290_2951
000339682 3367_ $$0PUB:(DE-HGF)7$$2PUB:(DE-HGF)$$aContribution to a book$$mcontb
000339682 536__ $$0G:(DE-HGF)POF4-621$$a621 - Accelerator Research and Development (POF4-621)$$cPOF4-621$$fPOF IV$$x0
000339682 588__ $$aDataset connected to CrossRef Conference
000339682 693__ $$0EXP:(DE-Ds200)External_experiment-20200803$$1EXP:(DE-Ds200)other-20200803$$5EXP:(DE-Ds200)External_experiment-20200803$$aother$$eExternal experiment at external facility/ no experiment at GSI (other)$$x0
000339682 7001_ $$0P:(DE-Ds200)OR8461$$aHeuermann, Tobias$$b1
000339682 7001_ $$0P:(DE-HGF)0$$aGebhardt, Martin$$b2
000339682 7001_ $$0P:(DE-HGF)0$$aWang, Ziyao$$b3
000339682 7001_ $$0P:(DE-HGF)0$$aGaida, Christian$$b4
000339682 7001_ $$0P:(DE-HGF)0$$aJáuregui, César$$b5
000339682 7001_ $$0P:(DE-HGF)0$$aLimpert, Jens$$b6
000339682 7001_ $$0P:(DE-HGF)0$$aJollivet, Clémence$$b7$$eEditor
000339682 7001_ $$0P:(DE-HGF)0$$aSupradeepa, V. R.$$b8$$eEditor
000339682 773__ $$a10.1117/12.2650475
000339682 909CO $$ooai:repository.gsi.de:339682$$pVDB
000339682 9101_ $$0I:(DE-Ds200)Ext-HIJ$$6P:(DE-Ds200)OR8461$$aExternal Helmholtz Institute: HIJ$$b1$$kHIJ
000339682 9101_ $$0I:(DE-Ds200)Ext-HIJ$$6P:(DE-HGF)0$$aExternal Helmholtz Institute: HIJ$$b2$$kHIJ
000339682 9101_ $$0I:(DE-Ds200)Ext-HIJ$$6P:(DE-HGF)0$$aExternal Helmholtz Institute: HIJ$$b6$$kHIJ
000339682 9131_ $$0G:(DE-HGF)POF4-621$$1G:(DE-HGF)POF4-620$$2G:(DE-HGF)POF4-600$$3G:(DE-HGF)POF4$$4G:(DE-HGF)POF$$aDE-HGF$$bForschungsbereich Materie$$lMaterie und Technologie$$vAccelerator Research and Development$$x0
000339682 9141_ $$y2023
000339682 9201_ $$0I:(DE-Ds200)JHL-20220701OR461$$kJHL$$lHIJ / HL$$x0
000339682 980__ $$acontrib
000339682 980__ $$aVDB
000339682 980__ $$acontb
000339682 980__ $$aI:(DE-Ds200)JHL-20220701OR461
000339682 980__ $$aUNRESTRICTED